Patriots Numbers - Statistics

General Stats
  • This quiz has been taken 924 times
  • The average score is 13 of 15
Answer Stats
Hint Answer % Correct
Tom Brady 12
100%
Stephen Gostkowski 3
97%
Rob Gronkowski 87
96%
Devin Mccourty 32
91%
Wes Welker 83
90%
Aaron Hernandez 81
88%
Vince Wilfork 75
83%
Steven Ridley 22
82%
Rob Ninkovich 50
81%
Patrick Chung 25
79%
Kyle Arrington 24
78%
Danny Woodhead 39
78%
Brandon Lloyd 85
73%
Zoltan Mesko 14
72%
Logan Mankins 70
68%
No matching quizzes found
Score Distribution
Percent of People with Each Score
Percentile by Number Answered
Your Score History
You have not taken this quiz